000 00428nam a2200157Ia 4500
003 GCL
008 140319s9999 xx 000 0 ara d
040 _aGCL /
_cGCL
082 0 4 _aد
_b050
_bح ح
245 1 0 _aالحضارة :
_bدراسة فى اصول وعوامل قيامها وتدهورها
300 _a163 ص
650 0 4 _aالحضارة
650 0 4 _aالثقافة
650 0 4 _aالدوريات
942 _2ddc
_cCF
999 _c27417
_d27417